00513nam a22001817a 450000500170000001000150001702000230003203500140005503700090006908200100007810000200008824500560010825000110016426000370017527000740021230000190028670000260030520241212152003.0 aENG-143032 c245.00a8179700739 aEN-126564 bDBAD a580.3 aShukla abhishek aIntroduction to Plant Quarantine /cAbhishek Shukla aFirst  aNew DelhibSamay Prakashanc2007 bNew DelhiaI-1/16, Shanti Mohan House, Ansari Road, Daryaganje110002 a97p.c23cm(hb) aO.P. Vedaeco- author